| 000 | 01579cam a2200397 i 4500 | ||
|---|---|---|---|
| 001 | 20590374 | ||
| 003 | OSt | ||
| 005 | 20260319142501.0 | ||
| 008 | 180719s2019 ilu b 001 0 eng | ||
| 010 | _a 2018034125 | ||
| 020 |
_a9781433561481 _qtrade paperback |
||
| 020 | _z9781433561498 (pdf) | ||
| 020 | _z9781433561504 (mobipocket) | ||
| 035 | _a20590374 | ||
| 040 |
_aDLC _beng _cDLC _erda _dDLC |
||
| 042 | _apcc | ||
| 050 | 0 | 0 |
_aBS1199.L27 _bV76 2019 |
| 082 | 0 | 0 |
_a220.6/6 _223 |
| 100 | 1 |
_aVroegop, Mark, _d1971- _eauthor. |
|
| 245 | 1 | 0 |
_aDark clouds, deep mercy : _bdiscovering the grace of lament / _cMark Vroegop ; foreword by Joni Eareckson Tada. |
| 264 | 1 |
_aWheaton, Illinois : _bCrossway, _c[2019] |
|
| 300 |
_a223 pages ; _c21 cm |
||
| 336 |
_atext _btxt _2rdacontent |
||
| 337 |
_aunmediated _bn _2rdamedia |
||
| 338 |
_avolume _bnc _2rdacarrier |
||
| 504 | _aIncludes bibliographical references (pages [211]-213) and indexes. | ||
| 630 | 0 | 0 |
_aBible. _pPsalms _xCriticism, interpretation, etc. |
| 630 | 0 | 0 |
_aBible. _pLamentations _xCriticism, interpretation, etc. |
| 650 | 0 | _aLaments in the Bible. | |
| 650 | 0 |
_aGrief _xReligious aspects _xChristianity. |
|
| 650 | 0 |
_aSuffering _xReligious aspects _xChristianity. |
|
| 776 | 0 | 8 |
_iOnline version: _aVroegop, Mark, 1971- author. _tDark clouds, deep mercy _dWheaton, Illinois : Crossway, [2019] _z9781433561498 _w(DLC) 2018052571 |
| 906 |
_a7 _bcbc _corignew _d1 _eecip _f20 _gy-gencatlg |
||
| 942 |
_2lcc _cBK |
||
| 999 |
_c21575 _d21574 |
||